Statistiken für Bekannte Schacheröffnungen

Klicken Sie hier um das Quiz zu spielen!

Allgemein

  • Dieses Quiz wurde 242 mal gespielt
  • Das Durchschnittsergebnis liegt bei 11 aus 26

Antwortstatistiken

Eröffnung% Korrekt
Spanische Partie
89%
Italienische Partie
87%
Abgelehntes Damengambit
77%
Angenommenes Damengambit
77%
Sizilianische Verteidigung
72%
Französische Verteidigung
63%
Caro-Kann-Verteidigung
59%
Englische Eröffnung
59%
Königsgambit
57%
Königsindische Verteidigung
49%
Schottische Partie
49%
Skandinavische Verteidigung
47%
Damenindische Verteidigung
30%
Pirc-Ufimzew-Verteidigung
30%
Holländische Verteidigung
26%
Orang-Utan-Eröffnung
25%
Benoni-Verteidigung
24%
Moderne Verteidigung
24%
Réti-Eröffnung
23%
Bird-Eröffnung
22%
Aljechin-Verteidigung
18%
Grünfeld-Indische Verteidigung
16%
Nimzowitsch-Indische Verteidigung
16%
Larsen-Eröffnung
12%
Philidor-Verteidigung
11%
Läuferspiel
7%

Verteilung der Resultate

Perzentil nach korrekt beantworteten Fragen

Anzahl Personen mit jedem Resultat

Ihre Resultats-Entwicklung

Sie haben dieses Quiz noch nicht gespielt